Geofisica panamericana.

Bibliographic Details
New Title:Revista geofisica
Format: Serial
Language:Spanish
Published: La Paz : Comision de Geofisica del Instituto Panamericano de Geografia e Historia, 1971-
Subjects:

MARC

Tag First Indicator Second Indicator Subfields
LEADER 00000cas a2200000 a 4500
001 in00000083471
005 20160324112539.0
008 741010d1971197ubo uu 0uuub0spam
010 |a  74645065  
035 |a (OCoLC)01794244 
035 |9 AAJ7746AM 
037 |b Casilla 6003 
040 |a DLC  |c DLC  |d TXA  |d UtOrBLW 
042 |a lc 
043 |a s------ 
049 |a TXAE 
050 0 0 |a QC801  |b .G36 
082 0 |a 551 
090 |a QC801  |b .G35 
245 0 0 |a Geofisica panamericana. 
246 1 8 |a Revista geofisica panamericana  |f Nov. 1971-<Jan. 1973> 
264 1 |a La Paz :  |b Comision de Geofisica del Instituto Panamericano de Geografia e Historia,  |c 1971- 
300 |a volumes :  |b illustrations ;  |c 24 cm. 
362 0 |a año 1- nov. 1971- 
336 |a text  |b txt  |2 rdacontent 
337 |a unmediated  |b n  |2 rdamedia 
338 |a volume  |b nc  |2 rdacarrier 
550 |a Vols. for 1971-<Jan. 1973> issued by the Commission on Geophysics, Pan American Institute of Geography and History, under its Spanish name: Comision de Geofisica, Instituto Panamericano de Geografia e Historia. 
650 0 |a Geophysics  |v Periodicals. 
650 0 |a Geophysics  |z South America  |x Periodicals. 
710 2 |a Pan American Institute of Geography and History.  |b Commission on Geophysics,  |e issuing body 
776 0 8 |i Online version:  |t Geofísica panamericana  |w (OCoLC)656125596 
785 0 0 |t Revista geofisica  |x 0252-9769  |w (DLC) 80649112  |w (OCoLC)3595022 
999 |a MARS 
999 f f |s f97da8d6-0032-363e-98d5-838582a0e966  |i 34b05c2d-a108-3b45-97f5-686b5b96c16a  |t 0 
952 f f |p ric  |a Texas A&M University  |b Rellis Campus  |c Joint Library Facility  |d Remote Storage  |t 0  |e QC801 .G35  |h Library of Congress classification  |i unmediated -- volume  |k no.1  |l 1971  |m A14841111663 
998 f f |a QC801 .G35  |s no.1 (1971)  |t 0  |l Remote Storage